| 000 | 00509nam a2200193Ia 4500 | ||
|---|---|---|---|
| 003 | OSt | ||
| 005 | 20250130164713.0 | ||
| 008 | 210210b1988 xxu||||| |||| 00| 0 eng d | ||
| 040 | _cAL | ||
| 041 | _aKannada | ||
| 082 | _aK894.3 USHA | ||
| 100 |
_aUSHA NAVARATNARAM _9131583 _dಉಷಾ ನವರತ್ನರಾಂ |
||
| 245 |
_aAvalambana _bಅವಲಂಬನ |
||
| 260 |
_aBengaluru _bPrakasha Sahitya _c1988 |
||
| 300 | _a354 | ||
| 690 |
_aKannada Fiction _9131584 |
||
| 906 | _a045289 | ||
| 942 |
_2ddc _cBK |
||
| 999 |
_c94988 _d94988 |
||